01016cam a2200349 i 45000010008000000030009000080050017000170070008000340080040000420150006000820170009000880200015000970350006001120400025001180800006001431000021001492450076001702500013002462600024002593000023002834900027003064900014003335210022003477000024003698300026003938300014004199420012004339450028004459520151004739560025006249990017006490000542DO-SdBNP20180213093719.00000542100514s 1992 sp a | |||| 000 f spa  a  a b  a8434812851 a  aBPMSUbspacBPMSUe  a 1 aArmijo, Consuelo13aEl mono imitamonos /h cConsuelo Armijo ; ilustración Alfonso Ruano  a11a. ed. aMadrid:bSM,c1992. a58 p.: bil.c20 m1 aEl barco de vaporv59 1 aBlancav7 aPrimeros lectores12aRuano, Alfonsoeil. 0aEl barco de vaporn59 0aBlancan7 2ddccBK aInventariado, 2018 / BT 00102ddc40708CI-GaBPMETbBPMETd2016-07-18eAgencia de cooperación internacional del Japónl0pBPMSU16070521r2016-07-18w2016-07-18yBK aYLOCKWARD810cBPMSU c10927d10927